[Event "NCL978 SW Dragons-Guildford"]
[Site "Rd3"]
[Date "1997.11.22"]
[Round "3.5"]
[White "Richmond, Peter"]
[Black "Anderton, Matthew"]
[Result "1/2-1/2"]
[WhiteElo "2200"]
[BlackElo "2240"]
[PlyCount "36"]
[EventDate "1997.11.22"]
[Source "4NCL"]
[SourceDate "1998.01.01"]

1. e4 e6 2. d4 d5 3. Nc3 Bb4 4. e5 c5 5. a3 Bxc3+ 6. bxc3 Ne7 7. Qg4 Qc7 8. Bd3
cxd4 9. Ne2 dxc3 10. O-O Nbc6 11. f4 Bd7 12. Qxg7 O-O-O 13. Be3 d4 14. Bf2 h5
15. Be4 f5 16. exf6 Rdg8 17. Qf7 Rf8 18. Qg7 Rfg8 1/2-1/2

[Event "NCL978 SW Dragons-Guildford"]
[Site "Rd3"]
[Date "1997.11.22"]
[Round "3.6"]
[White "Thompson, Ian"]
[Black "James, David J"]
[Result "1/2-1/2"]
[WhiteElo "2260"]
[BlackElo "2255"]
[PlyCount "145"]
[EventDate "1997.11.22"]
[Source "4NCL"]
[SourceDate "1998.01.01"]

1. c4 e5 2. Nc3 Nc6 3. g3 g6 4. Bg2 Bg7 5. d3 f5 6. e4 d6 7. Nge2 Nf6 8. O-O
O-O 9. Rb1 a5 10. b3 Nh5 11. exf5 Bxf5 12. h3 Nf6 13. g4 Be6 14. f4 Qd7 15. Nb5
h5 16. d4 exd4 17. Nexd4 hxg4 18. Nxe6 Qxe6 19. Nxc7 Qf5 20. Bd5+ Kh8 21. Bb2
g3 22. Bg2 Rac8 23. Nd5 Rce8 24. Qd2 Ne4 25. Bxg7+ Kxg7 26. Qb2+ Kh6 27. Bxe4
Rxe4 28. Qg2 Nb4 29. Rbd1 b5 30. Qxg3 bxc4 31. bxc4 Rxc4 32. Ne3 Qc5 33. Kh2
Rc3 34. Qh4+ Qh5 35. Ng4+ Kg7 36. Qxh5 gxh5 37. Nf2 Rxf4 38. Rxd6 Rc2 39. Kg3
Rf7 40. a3 Rc3+ 41. Kh2 Rxa3 42. Rg1+ Kf8 43. Rd8+ Ke7 44. Rd2 Re3 45. Rg5 a4
46. Rxh5 a3 47. Ra5 Rb3 48. Ra4 Rf4 49. Nd1 Rh4 50. Kg2 Ke6 51. Re2+ Kd6 52.
Re3 Rb1 53. Nc3 Rb2+ 54. Kg3 Rh8 55. Ne4+ Ke5 56. Nf2+ Kf6 57. Rexa3 Nd5 58.
Rf3+ Kg6 59. Rg4+ Kh6 60. Ne4 Rhb8 61. Kh4 R2b5 62. Nd6 Rb4 63. Nf5+ Kh7 64.
Nd4 R8b6 65. Rf7+ Kh8 66. Rf5 Nf6 67. Rgf4 Rd6 68. Ne2 Rxf4+ 69. Nxf4 Kh7 70.
Ra5 Kh6 71. Kg3 Rb6 72. Ra3 Nh5+ 73. Nxh5 1/2-1/2

[Event "NCL978 SW Dragons-Guildford"]
[Site "Rd3"]
[Date "1997.11.22"]
[Round "3.7"]
[White "Dyce, Andrew"]
[Black "Abayasekera, Roger"]
[Result "1-0"]
[WhiteElo "2150"]
[BlackElo "2230"]
[PlyCount "127"]
[EventDate "1997.11.22"]
[Source "4NCL"]
[SourceDate "1998.01.01"]

1. e4 c5 2. Nf3 e6 3. d3 Nc6 4. Nbd2 d5 5. g3 Nge7 6. Bg2 g6 7. O-O Bg7 8. Re1
O-O 9. e5 Qc7 10. Qe2 g5 11. Nxg5 Qxe5 12. Qxe5 Nxe5 13. Nb3 b6 14. d4 cxd4 15.
Nxd4 Bd7 16. Ngf3 N5g6 17. h4 e5 18. Nb3 Nc6 19. c3 e4 20. Nfd4 Nce5 21. Bf1
Bg4 22. Nd2 Rac8 23. a4 a5 24. Ra3 Nc6 25. Nxc6 Rxc6 26. Bb5 Rc7 27. c4 Be6 28.
f4 f5 29. cxd5 Bxd5 30. Nb1 Bd4+ 31. Kf1 Rc2 32. Rd1 Rfc8 33. Nc3 Bf7 34. Rxd4
Rxc1+ 35. Ke2 Rh1 36. Bd7 Rd8 37. Nb5 Rh2+ 38. Ke1 Ne7 39. Bxf5 Rxd4 40. Nxd4
Nxf5 41. Nxf5 Rxb2 42. Rc3 Be6 43. Nd6 Rb3 44. Nxe4 Rb4 45. Re3 Rxa4 46. Nf6+
Kf7 47. Nxh7 Bg4 48. Ng5+ Kg6 49. Rb3 Rb4 50. Rxb4 axb4 51. Kd2 Bf5 52. Kc1 Kh5
53. Nf7 Be6 54. Ne5 Bf5 55. Kb2 Be6 56. Kc2 Bd5 57. Kd3 Be6 58. Kd2 Bf5 59. Nc4
b5 60. Nd6 Be6 61. f5 Bd5 62. f6 Kg6 63. f7 Kg7 64. h5 1-0

[Event "NCL978 SW Dragons-Guildford"]
[Site "Rd3"]
[Date "1997.11.22"]
[Round "3.8"]
[White "Ashby, Ann-Marie"]
[Black "Cast, Abigail"]
[Result "1-0"]
[WhiteElo "2115"]
[BlackElo "1925"]
[PlyCount "73"]
[EventDate "1997.11.22"]
[Source "4NCL"]
[SourceDate "1998.01.01"]

1. d4 d5 2. Bg5 Bf5 3. Nf3 h6 4. Bh4 Nd7 5. e3 Ngf6 6. c4 c6 7. Nc3 e6 8. Bd3
Bxd3 9. Qxd3 Be7 10. O-O O-O 11. Rac1 Re8 12. h3 a5 13. Rfe1 a4 14. Bg3 dxc4
15. Qxc4 Nb6 16. Qd3 Nbd5 17. Ne5 a3 18. Rb1 axb2 19. Nxd5 Nxd5 20. Rxb2 Nb4
21. Qd2 Ra4 22. a3 Rxa3 23. Rxb4 Bxb4 24. Qxb4 Qa8 25. Rb1 Ra1 26. Rxa1 Qxa1+
27. Kh2 Qa6 28. Qd6 Qa8 29. Qc7 Rf8 30. Nc4 Qc8 31. Qb6 Qa8 32. Na5 Qa6 33. Qc7
Ra8 34. Nxb7 Qf1 35. Nd6 Rf8 36. Qxc6 Qd3 37. Ne8 1-0

[Event "NCL978 Bristol-Richmond"]
[Site "Rd3"]
[Date "1997.11.22"]
[Round "3.2"]
[White "Bates, Richard"]
[Black "Buckley, Graeme"]
[Result "1-0"]
[WhiteElo "2345"]
[BlackElo "2315"]
[PlyCount "121"]
[EventDate "1997.11.22"]
[Source "4NCL"]
[SourceDate "1998.01.01"]

1. e4 c5 2. Nf3 e6 3. d4 cxd4 4. Nxd4 Nf6 5. Nc3 d6 6. Be2 Be7 7. O-O O-O 8. f4
a6 9. Bf3 Nc6 10. Kh1 Qc7 11. Be3 Re8 12. Qe1 Nxd4 13. Bxd4 e5 14. fxe5 dxe5
15. Qg3 Bc5 16. Bxc5 Qxc5 17. Be2 Kh8 18. Rxf6 gxf6 19. Qh4 Be6 20. Qxf6+ Kg8
21. Rf1 Rad8 22. Bh5 Qe7 23. Qxe5 Qh4 24. g3 Qe7 25. Qf4 Rd4 26. Bg4 Bc4 27.
Rf2 Qe5 28. Qe3 Be6 29. Qf3 Kg7 30. Bxe6 Qxe6 31. Qe3 Qe5 32. Rf4 b5 33. Qf2
Rd7 34. a3 Qd4 35. Qf3 Re6 36. h4 Kf8 37. Nd5 Qxb2 38. Qf2 Qc1+ 39. Kh2 Rc6 40.
Qd4 Rxc2+ 41. Kh3 Qb2 42. Qb6 h5 43. Qh6+ Ke8 44. Nf6+ Kd8 45. Nxh5 Qxa3 46.
Nf6 Rc3 47. Rg4 Qa1 48. Rg8+ Kc7 49. Qf4+ Kb6 50. Nxd7+ Ka5 51. Nf6 b4 52. Nd5
Rc4 53. Re8 Qh1+ 54. Kg4 Qd1+ 55. Kg5 b3 56. Qd6 Qd2+ 57. Kh5 Rb4 58. Qc5+ Ka4
59. Nc3+ Ka3 60. Nb1+ Ka4 61. Nxd2 1-0

[Event "NCL978 Bristol-Richmond"]
[Site "Rd3"]
[Date "1997.11.22"]
[Round "3.3"]
[White "Baker, Chris W"]
[Black "Williams, Simon"]
[Result "0-1"]
[WhiteElo "2295"]
[BlackElo "2310"]
[PlyCount "136"]
[EventDate "1997.11.22"]
[Source "4NCL"]
[SourceDate "1998.01.01"]

1. e4 e6 2. Nf3 d5 3. Nc3 Nf6 4. e5 Ne4 5. Ne2 Bc5 6. d4 Be7 7. Ng3 c5 8. dxc5
Qc7 9. Bd3 Nxc5 10. O-O Nc6 11. Re1 Nxd3 12. cxd3 O-O 13. Bf4 Qb6 14. Rb1 a5
15. Nh5 f5 16. exf6 Bxf6 17. Qd2 Qb4 18. Qe2 Be7 19. a3 Qa4 20. Ne5 Rxf4 21.
Nxc6 bxc6 22. Nxf4 Qxf4 23. Rbc1 c5 24. b4 axb4 25. axb4 Qxb4 26. Rb1 Qd4 27.
Rb6 c4 28. Rc6 Bd7 29. dxc4 Bb4 30. Rf1 Bxc6 31. Qxe6+ Kh8 32. Qxc6 Rd8 33.
cxd5 Qxd5 34. Qxd5 Rxd5 35. Rb1 Rd4 36. g3 h6 37. h4 Bc5 38. Rb2 Kh7 39. Kg2
Kg6 40. Kh3 Kf6 41. Rc2 Rd5 42. Rb2 Kf5 43. Rb7 Bd4 44. Rf7+ Bf6 45. Rf8 Rd2
46. Kg2 Ke6 47. Re8+ Kf7 48. Re4 Bd4 49. Rf4+ Ke6 50. Rf8 Kd5 51. Rf7 Ke4 52.
Rf3 Re2 53. Rf7 Kd3 54. Kf1 Ra2 55. Rf4 Ra6 56. Rf3+ Kd2 57. Rf4 Kd3 58. Rf3+
Kc4 59. Rf7 Rf6 60. Rc7+ Kd3 61. f4 Ra6 62. Kg2 Ke4 63. Re7+ Kf5 64. Kh3 Ra3
65. Rd7 Ke4 66. h5 Rb3 67. Kh4 Bf2 68. Rxg7 Kf3 0-1

[Event "NCL978 Bristol-Richmond"]
[Site "Rd3"]
[Date "1997.11.22"]
[Round "3.4"]
[White "Wall, Gavin"]
[Black "Mah, Karl"]
[Result "1-0"]
[WhiteElo "2330"]
[BlackElo "2365"]
[PlyCount "75"]
[EventDate "1997.11.22"]
[Source "4NCL"]
[SourceDate "1998.01.01"]

1. d4 Nf6 2. Nf3 g6 3. c4 Bg7 4. Nc3 O-O 5. Bg5 d6 6. e3 c5 7. Be2 h6 8. Bh4
cxd4 9. Nxd4 Nc6 10. O-O Qb6 11. Qd2 g5 12. Bg3 Nxd4 13. exd4 Bf5 14. Rad1 Ne4
15. Nxe4 Bxe4 16. h4 Bf6 17. hxg5 hxg5 18. b4 Kg7 19. f3 Bg6 20. Bf2 d5 21. c5
Qc7 22. Qe1 Rh8 23. Bg3 Qd7 24. Qd2 Rh5 25. Be5 Rah8 26. Qe3 Qe6 27. Bxf6+ Qxf6
28. Qe5 Qxe5 29. dxe5 e6 30. Rd4 Rh4 31. Rfd1 Bc2 32. Rxh4 Rxh4 33. Rc1 Ba4 34.
b5 Rh8 35. c6 bxc6 36. bxc6 d4 37. Ba6 Kg6 38. Rc4 1-0

[Event "NCL978 Bristol-Richmond"]
[Site "Rd3"]
[Date "1997.11.22"]
[Round "3.5"]
[White "Burgess, Graham"]
[Black "Phillips, Roy"]
[Result "1-0"]
[WhiteElo "2315"]
[BlackElo "2230"]
[PlyCount "91"]
[EventDate "1997.11.22"]
[Source "4NCL"]
[SourceDate "1998.01.01"]

1. d4 g6 2. e4 Bg7 3. c4 d6 4. Nc3 Nc6 5. d5 Nd4 6. Be3 c5 7. Nge2 Qb6 8. Na4
Qa5+ 9. Bd2 Qc7 10. Bc3 e5 11. dxe6 Nxe6 12. Bxg7 Nxg7 13. Nec3 Nf6 14. Bd3 O-O
15. O-O Ne6 16. f4 Nd4 17. Qd2 Bd7 18. Rae1 Bc6 19. f5 Rae8 20. Re3 a6 21. Rh3
b5 22. Qh6 bxa4 23. g4 Re5 24. g5 Nh5 25. fxg6 hxg6 26. Rxh5 gxh5 27. Nd5 Bxd5
28. exd5 f5 29. gxf6 Rxf6 30. Rxf6 Qg7+ 31. Rg6 Rg5+ 32. Rxg5 Nf3+ 33. Kf2 Nxg5
34. Qxg7+ Kxg7 35. Kg3 Nf7 36. Kh4 Kh6 37. Be2 Ne5 38. b3 axb3 39. axb3 Ng6+
40. Kg3 Kg5 41. Bd3 h4+ 42. Kf3 Ne5+ 43. Ke4 {#} Nxd3 44. Kxd3 Kg4 45. b4 Kf5
46. b5 1-0

[Event "NCL978 Bristol-Richmond"]
[Site "Rd3"]
[Date "1997.11.22"]
[Round "3.6"]
[White "Hinks-Edwards, Tom"]
[Black "Beaumont, Chris"]
[Result "1-0"]
[WhiteElo "2255"]
[BlackElo "2345"]
[PlyCount "75"]
[EventDate "1997.11.22"]
[Source "4NCL"]
[SourceDate "1998.01.01"]

1. e4 c5 2. Nf3 g6 3. d4 Bg7 4. dxc5 Qa5+ 5. Nc3 Nf6 6. Bd3 Qxc5 7. O-O O-O 8.
Be3 Qa5 9. a3 Nc6 10. b4 Qh5 11. h3 d5 12. exd5 Nxd5 13. Nxd5 Qxd5 14. c4 Qh5
15. Rb1 Rd8 16. Ng5 Qxd1 17. Rfxd1 h6 18. Ne4 Ne5 19. Bf1 Be6 20. Nc5 Bf5 21.
Nxb7 Rdb8 22. Na5 Bxb1 23. Rxb1 Rc8 24. c5 Nc6 {(Draw offer)} 25. Ba6 Nxa5 26.
Bxc8 Rxc8 27. bxa5 Bc3 28. Rb7 a6 29. Rxe7 Bxa5 30. Ra7 Rc6 31. Bd4 f6 32. Kf1
Bc7 33. Ke2 Be5 34. Kd3 Kf8 35. Bxe5 fxe5 36. Kc4 e4 37. Kd5 Rf6 38. c6 1-0

[Event "NCL978 Bristol-Richmond"]
[Site "Rd3"]
[Date "1997.11.22"]
[Round "3.7"]
[White "Copeland, Graham"]
[Black "Franklin, Michael"]
[Result "1/2-1/2"]
[WhiteElo "2330"]
[BlackElo "2220"]
[PlyCount "69"]
[EventDate "1997.11.22"]
[Source "4NCL"]
[SourceDate "1998.01.01"]

1. d4 Nf6 2. c4 e6 3. g3 Be7 4. Bg2 d5 5. Nf3 O-O 6. O-O Nbd7 7. Qc2 c6 8. b3
b6 9. Rd1 Bb7 10. Nc3 Rc8 11. e4 Ba8 12. e5 Ne8 13. h4 Nc7 14. Ng5 g6 15. Qe2
Ne8 16. Bf4 Bb7 17. Rac1 Ng7 18. cxd5 cxd5 19. Nb5 Rxc1 20. Rxc1 Ba6 21. a4 Nf5
22. Qd2 Bxb5 23. axb5 Qb8 24. Rc6 Qb7 25. Nf3 Bd8 26. Bg5 Nb8 27. Rc3 Bxg5 28.
hxg5 Rc8 29. Qc2 Ne7 30. Nh2 Rxc3 31. Qxc3 Qc8 32. Qxc8+ Nxc8 33. Ng4 Ne7 34.
Nf6+ Kg7 35. g4 1/2-1/2

[Event "NCL978 Wood Green-Midland Ms"]
[Site "Rd3"]
[Date "1997.11.22"]
[Round "3.1"]
[White "Ward, Chris"]
[Black "Parker, Jonathan"]
[Result "1/2-1/2"]
[WhiteElo "2485"]
[BlackElo "2510"]
[PlyCount "63"]
[EventDate "1997.11.22"]
[Source "4NCL"]
[SourceDate "1998.01.01"]

1. d4 d5 2. c4 e6 3. Nc3 Nf6 4. cxd5 exd5 5. Bg5 c6 6. Qc2 Be7 7. e3 Nbd7 8.
Bd3 Nh5 9. Bxe7 Qxe7 10. O-O-O g6 11. Kb1 Nb6 12. h3 Ng7 13. g4 Bd7 14. Nf3
O-O-O 15. Qb3 Ne8 16. a4 Be6 17. a5 Nc4 18. Qa4 Qf6 19. Be2 Nc7 20. Rc1 h5 21.
g5 Qf5+ 22. Ka1 Rhe8 23. b3 Nd6 24. a6 Nxa6 25. Ne5 Nb8 26. Qxa7 Qxf2 27. Na4
Qxe2 28. Nb6+ Kc7 29. Na8+ Kc8 30. Nb6+ Kc7 31. Na8+ Kc8 32. Nb6+ 1/2-1/2

[Event "NCL978 Wood Green-Midland Ms"]
[Site "Rd3"]
[Date "1997.11.22"]
[Round "3.2"]
[White "Rowson, Jonathan"]
[Black "Emms, John"]
[Result "1/2-1/2"]
[WhiteElo "2490"]
[BlackElo "2530"]
[PlyCount "67"]
[EventDate "1997.11.22"]
[Source "4NCL"]
[SourceDate "1998.01.01"]

1. e4 e5 2. Nf3 Nc6 3. Bb5 a6 4. Ba4 Nf6 5. O-O b5 6. Bb3 Bc5 7. c3 d6 8. d4
Bb6 9. h3 Bb7 10. Re1 h6 11. Be3 O-O 12. Nbd2 Re8 13. Qb1 Na5 14. Bc2 c5 15. d5
c4 16. b4 cxb3 17. axb3 Bc8 18. b4 Nb7 19. c4 Bd7 20. cxb5 Bxb5 21. Bd3 Bxd3
22. Qxd3 Bxe3 23. Qxe3 a5 24. bxa5 Rxa5 25. Nb3 Rb5 26. Nfd2 Nc5 27. Nxc5 Rxc5
28. Rec1 Nd7 29. Nb3 Rxc1+ 30. Rxc1 Qb8 31. Rc6 Qb4 32. Nd2 Rd8 33. Nc4 Nb8 34.
Rc7 1/2-1/2

[Event "NCL978 Wood Green-Midland Ms"]
[Site "Rd3"]
[Date "1997.11.22"]
[Round "3.3"]
[White "Arakhamia, Ketevan"]
[Black "Ferguson, Mark"]
[Result "1/2-1/2"]
[WhiteElo "2430"]
[BlackElo "2420"]
[PlyCount "67"]
[EventDate "1997.11.22"]
[Source "4NCL"]
[SourceDate "1998.01.01"]

1. e4 e5 2. Nc3 Nf6 3. g3 d5 4. exd5 Nxd5 5. Bg2 Nxc3 6. bxc3 Bc5 7. Ne2 O-O 8.
O-O Nc6 9. Rb1 Re8 10. d3 Bb6 11. Be3 Rb8 12. c4 Nd4 13. Nc3 c6 14. Ne4 Bf5 15.
Rb2 Ba5 16. f4 Bxe4 17. dxe4 c5 18. f5 Bc3 19. Rb1 Nc6 20. Bxc5 Bd4+ 21. Bxd4
Qxd4+ 22. Qxd4 Nxd4 23. Rf2 Red8 24. Bf1 Nc6 25. c3 Kf8 26. c5 Rd7 27. Bc4 Nd8
28. Rb5 Rc8 29. Rfb2 a6 30. Ra5 Nc6 31. Ra4 Nd8 32. Ra5 Nc6 33. Ra3 Nd8 34. Ra5
1/2-1/2

[Event "NCL978 Wood Green-Midland Ms"]
[Site "Rd3"]
[Date "1997.11.22"]
[Round "3.4"]
[White "Arkell, Keith"]
[Black "Levitt, Jon"]
[Result "1/2-1/2"]
[WhiteElo "2480"]
[BlackElo "2440"]
[PlyCount "87"]
[EventDate "1997.11.22"]
[Source "4NCL"]
[SourceDate "1998.01.01"]

1. d4 f5 2. g3 Nf6 3. Bg2 g6 4. c4 Bg7 5. b3 O-O 6. Bb2 d6 7. Nf3 Qe8 8. d5 c5
9. Nc3 Na6 10. O-O Nc7 11. a4 h6 12. Qd2 Bd7 13. Rfe1 g5 14. e4 fxe4 15. Nxe4
Nxe4 16. Rxe4 Bxb2 17. Qxb2 Bf5 18. Re3 Qd7 19. h4 g4 20. Ne1 Rf7 21. Be4 Rg7
22. Nd3 Bxe4 23. Rxe4 e5 24. dxe6 Nxe6 25. Qf6 Nd4 26. Nf4 Re8 27. Rxd4 cxd4
28. Qxd4 Qf5 29. Qxd6 Qe5 30. Rd1 Qxd6 31. Rxd6 Re1+ 32. Kg2 Rb1 33. Nh5 Rc7
34. Nf6+ Kf8 35. Nxg4 Rxb3 36. Ne5 h5 37. Rh6 Ra3 38. Rxh5 Rxa4 39. Rf5+ Kg8
40. h5 a5 41. g4 Ra1 42. g5 a4 43. g6 a3 44. h6 {#} 1/2-1/2

[Event "NCL978 Wood Green-Midland Ms"]
[Site "Rd3"]
[Date "1997.11.22"]
[Round "3.5"]
[White "Littlewood, Paul"]
[Black "Kelly, Brian"]
[Result "0-1"]
[WhiteElo "2435"]
[BlackElo "2390"]
[PlyCount "70"]
[EventDate "1997.11.22"]
[Source "4NCL"]
[SourceDate "1998.01.01"]

1. d4 d5 2. c4 c6 3. Nf3 Nf6 4. Qc2 g6 5. Bf4 Na6 6. c5 Nh5 7. Bd2 Nc7 8. Nc3
Bg7 9. h3 O-O 10. e3 Nf6 11. Ne5 Nd7 12. f4 Nxe5 13. fxe5 f6 14. exf6 exf6 15.
Bd3 f5 16. O-O-O b6 17. Ne2 Bd7 18. Kb1 Qe7 19. Rc1 Rab8 20. Nf4 Ne6 21. Nxe6
Qxe6 22. Rhe1 Qf6 23. Qa4 Rb7 24. Rf1 Qe7 25. b3 Qg5 26. Ba6 Rbb8 27. Rf2 Qg3
28. Re2 f4 29. Bd3 fxe3 30. Bxe3 Rbe8 31. cxb6 Rxe3 32. bxa7 Rxe2 33. Bxe2 Bf5+
34. Kb2 Qe3 35. a8=Q Bxd4+ 0-1

[Event "NCL978 Wood Green-Midland Ms"]
[Site "Rd3"]
[Date "1997.11.22"]
[Round "3.6"]
[White "Collinson, Adam"]
[Black "Pein, Malcolm"]
[Result "1/2-1/2"]
[WhiteElo "2430"]
[BlackElo "2400"]
[PlyCount "35"]
[EventDate "1997.11.22"]
[Source "4NCL"]
[SourceDate "1998.01.01"]

1. e4 d6 2. d4 g6 3. Nf3 Nf6 4. Bd3 Bg7 5. O-O O-O 6. c3 Nc6 7. Na3 Nd7 8. b4
a6 9. Nc2 e5 10. a4 h6 11. Rb1 f5 12. b5 axb5 13. axb5 Ne7 14. dxe5 Nxe5 15.
Nxe5 dxe5 16. Bc4+ Kh7 17. Ba3 Bf6 18. f3 1/2-1/2

[Event "NCL978 Wood Green-Midland Ms"]
[Site "Rd3"]
[Date "1997.11.22"]
[Round "3.7"]
[White "Sowray, Peter"]
[Black "Hunt, Harriet"]
[Result "0-1"]
[WhiteElo "2350"]
[BlackElo "2360"]
[PlyCount "92"]
[EventDate "1997.11.22"]
[Source "4NCL"]
[SourceDate "1998.01.01"]

1. e4 c6 2. d4 d5 3. e5 Bf5 4. Nf3 e6 5. Be2 Nd7 6. Nbd2 Ne7 7. c4 dxc4 8. Nxc4
Nd5 9. O-O Be7 10. Ne3 Bg6 11. Nxd5 cxd5 12. Be3 O-O 13. a3 Rc8 14. Rc1 Rxc1
15. Qxc1 Nb6 16. Qc3 Qb8 17. Rc1 Rc8 18. Qd2 h6 19. h3 Be4 20. Qe1 Nc4 21. Bxc4
Rxc4 22. Nd2 Rxc1 23. Qxc1 Bg6 24. Nf1 b5 25. Qc6 b4 26. a4 b3 27. Nd2 Bc2 28.
a5 Bb4 29. a6 Ba5 30. f3 Qb6 31. Qb7 Qxb7 32. axb7 Bc7 33. Kf2 Kf8 34. Ke2 Ke7
35. Nf1 Kd7 36. Bd2 Kc6 37. Bb4 Kxb7 38. Kd2 a5 39. Bf8 a4 40. Bxg7 Ba5+ 41.
Kc1 Bb6 42. Bxh6 Bxd4 43. Bf4 Bd3 44. Nd2 a3 45. bxa3 b2+ 46. Kd1 Bc3 0-1

[Event "NCL978 Wood Green-Midland Ms"]
[Site "Rd3"]
[Date "1997.11.22"]
[Round "3.8"]
[White "Barnes, Michael"]
[Black "Law, Andrew"]
[Result "1/2-1/2"]
[WhiteElo "2260"]
[BlackElo "2330"]
[PlyCount "65"]
[EventDate "1997.11.22"]
[Source "4NCL"]
[SourceDate "1998.01.01"]

1. e4 e5 2. Nf3 Nc6 3. Bb5 a6 4. Ba4 Nf6 5. O-O Bc5 6. c3 b5 7. Bb3 d6 8. d4
Bb6 9. Be3 O-O 10. Nbd2 h6 11. h3 Bb7 12. d5 Ne7 13. Bxb6 cxb6 14. Nh4 Bc8 15.
Qf3 Ra7 16. a4 bxa4 17. Rxa4 b5 18. Ra3 Qb6 19. Rfa1 Nh7 20. Qe3 Qxe3 {
(Draw offer)} 21. fxe3 Rc7 22. Nhf3 Nf6 23. Bc2 Nd7 24. b4 Nb6 25. Bd3 Bb7 26.
Nxe5 dxe5 27. d6 Rd7 28. dxe7 Rxe7 29. Nb3 Na4 30. Rxa4 bxa4 31. Rxa4 Rd8 32.
Nc5 Rc7 33. Bxa6 1/2-1/2

[Event "NCL978 Slough-Barbican"]
[Site "Rd3"]
[Date "1997.11.22"]
[Round "3.2"]
[White "Crouch, Colin"]
[Black "Kosten, Anthony"]
[Result "1/2-1/2"]
[WhiteElo "2375"]
[BlackElo "2530"]
[PlyCount "132"]
[EventDate "1997.11.22"]
[Source "4NCL"]
[SourceDate "1998.01.01"]

1. d4 Nf6 2. c4 e6 3. Nf3 Bb4+ 4. Nbd2 b6 5. e3 Bb7 6. Bd3 O-O 7. Qc2 d5 8.
cxd5 exd5 9. O-O Nbd7 10. Ne5 c5 11. a3 Bxd2 12. Bxd2 Nxe5 13. dxe5 Ne4 14. Be1
Qg5 15. f4 Qh6 16. Rd1 f5 17. exf6 Nxf6 18. Rf3 Bc8 19. Rg3 Bg4 20. Rd2 Rae8
21. h3 Bc8 22. Re2 c4 23. Bf5 Bxf5 24. Qxf5 Qh5 25. Qc2 Ne4 26. Rg4 Qf5 27. Qd1
Rf7 28. Qd4 Nf6 29. Rg3 Qd3 30. Rd2 Qxd4 31. Rxd4 Rfe7 32. Bf2 Kf7 33. Rf3 b5
34. g4 Rd7 35. Be1 Ne4 36. Bb4 Ra8 37. Rf1 a5 38. Bc3 Nc5 39. f5 Nd3 40. e4 b4
41. Bd2 Re8 42. axb4 axb4 43. Rxd5 Rxd5 44. exd5 Re2 45. Bg5 h6 46. Bh4 c3 47.
bxc3 b3 48. d6 Ke8 49. f6 gxf6 50. Bxf6 Re6 51. c4 Rxd6 52. Bc3 Rc6 53. Rb1 b2
54. Rxb2 Nxb2 55. Bxb2 Rxc4 56. Bg7 Rc6 57. Kg2 Kf7 58. Be5 Ke6 59. Bf4 Kd5 60.
Kf3 Rc3+ 61. Kg2 Rc6 62. Kf3 Re6 63. Bc1 Rf6+ 64. Kg3 Rc6 65. Bd2 Ke4 66. Kh4
Rd6 1/2-1/2

[Event "NCL978 Slough-Barbican"]
[Site "Rd3"]
[Date "1997.11.22"]
[Round "3.3"]
[White "Summerscale, Aaron"]
[Black "Kopec, Danny"]
[Result "1/2-1/2"]
[WhiteElo "2420"]
[BlackElo "2405"]
[PlyCount "32"]
[EventDate "1997.11.22"]
[Source "4NCL"]
[SourceDate "1998.01.01"]

1. Nf3 d5 2. d4 Bf5 3. c4 c6 4. Qb3 Qb6 5. Qxb6 axb6 6. cxd5 cxd5 7. Nc3 Nf6 8.
Bf4 Bd7 9. e3 e6 10. Bd3 Na6 11. O-O Nh5 12. a3 Nxf4 13. exf4 Nc7 14. Ne5 g6
15. Rac1 Bd6 16. g3 Ke7 1/2-1/2

[Event "NCL978 Slough-Barbican"]
[Site "Rd3"]
[Date "1997.11.22"]
[Round "3.4"]
[White "Duncan, Chris"]
[Black "Houska, Miroslav"]
[Result "1-0"]
[WhiteElo "2325"]
[BlackElo "2360"]
[PlyCount "103"]
[EventDate "1997.11.22"]
[Source "4NCL"]
[SourceDate "1998.01.01"]

1. e4 c5 2. Nc3 Nf6 3. e5 Ng8 4. Nf3 Nc6 5. Bb5 Nd4 6. O-O Nxb5 7. Nxb5 a6 8.
Nc3 d5 9. exd6 Qxd6 10. d4 cxd4 11. Ne4 Qd5 12. Re1 Nf6 13. c4 Qd8 14. Qa4+ b5
15. cxb5 Nxe4 16. Rxe4 Bd7 17. Rxd4 axb5 18. Qb3 f6 19. Bf4 Ra4 20. Rad1 Rxd4
21. Nxd4 Qb6 22. Qd5 e5 23. Bxe5 fxe5 24. Qxe5+ Be7 25. Re1 Qf6 26. Qb8+ Kf7
27. Qxh8 Qxd4 28. Qxh7 Qxb2 29. Qh5+ Kf8 30. Qh8+ Kf7 31. Qh5+ Kf8 32. Qf3+ Qf6
33. Qa8+ Kf7 34. Qd5+ Be6 35. Qh5+ Kf8 36. h3 b4 37. Qh8+ Bg8 38. Re3 Qa1+ 39.
Kh2 Bf6 40. Qh5 Bf7 41. Qc5+ Kg8 42. Qxb4 Qxa2 43. Qb8+ Kh7 44. Qf4 Bg6 45. h4
Qd2 46. h5 Bc2 47. h6 Bd4 48. Qf7 Bg6 49. Qf8 Bf6 50. hxg7 Bxg7 51. Rh3+ Bh6
52. f4 1-0

[Event "NCL978 Slough-Barbican"]
[Site "Rd3"]
[Date "1997.11.22"]
[Round "3.7"]
[White "Houska, Jovanka"]
[Black "Bowden, Karl"]
[Result "1/2-1/2"]
[WhiteElo "2155"]
[BlackElo "2355"]
[PlyCount "102"]
[EventDate "1997.11.22"]
[Source "4NCL"]
[SourceDate "1998.01.01"]

1. e4 e6 2. Nf3 d5 3. Nc3 Nf6 4. e5 Nfd7 5. d4 c5 6. Bb5 Nc6 7. O-O Be7 8. Ne2
Qb6 9. a4 a6 10. Bxc6 bxc6 11. a5 Qb8 12. b3 O-O 13. Ba3 f6 14. exf6 Bxf6 15.
Ng3 g6 16. Qd2 cxd4 17. Nxd4 Bxd4 18. Qxd4 e5 19. Qa4 Rf6 20. c4 Nf8 21. cxd5
cxd5 22. Qh4 Rf4 23. Qg5 Be6 24. Rae1 Nd7 25. Nh5 Rf7 26. f4 Qxb3 27. Bd6 e4
28. f5 Bxf5 29. g4 Qh3 30. Rxf5 Rxf5 31. gxf5 Qxh5 32. Qe7 Qg4+ 33. Bg3 Rf8 34.
Qxd7 Rxf5 35. Qd8+ Kg7 36. Qd7+ Kh6 37. Qd6 Rf3 38. Kg2 Rf5 39. Qxa6 d4 40. Qe2
Qf3+ 41. Qxf3 exf3+ 42. Kf2 Rxa5 43. Kxf3 Kg5 44. Re5+ Rxe5 45. Bxe5 Kh4 46.
Bxd4 Kh3 47. Be5 g5 48. Ke4 h5 49. Kf5 g4 50. Kg5 h4 51. Bf4 g3 1/2-1/2

[Event "NCL978 Slough-Barbican"]
[Site "Rd3"]
[Date "1997.11.22"]
[Round "3.8"]
[White "Lauterbach, Ingrid"]
[Black "Armstrong, Malcolm"]
[Result "1-0"]
[WhiteElo "2165"]
[BlackElo "1944"]
[PlyCount "63"]
[EventDate "1997.11.22"]
[Source "4NCL"]
[SourceDate "1998.01.01"]

1. e4 c6 2. d3 d5 3. Nd2 e5 4. Ngf3 Qc7 5. g3 dxe4 6. dxe4 Nf6 7. Bg2 Be7 8.
O-O O-O 9. Nc4 Rd8 10. Qe2 Nfd7 11. a4 Na6 12. b3 f6 13. Nh4 Nf8 14. f4 Bc5+
15. Kh1 exf4 16. Bxf4 Qe7 17. e5 f5 18. Qh5 g6 19. Qh6 Qg7 20. Qxg7+ Kxg7 21.
Bg5 Re8 22. Rad1 Be7 23. Nd6 Bxd6 24. exd6 Bd7 25. Be7 Rac8 26. Nf3 Nb4 27. Ne5
Nxc2 28. Bxf8+ Rxf8 29. Nxd7 Rfd8 30. Nc5 Ne3 31. Nxb7 Nxd1 32. Rxd1 1-0

[Event "NCL978 BCM-NW Eagles"]
[Site "Rd3"]
[Date "1997.11.22"]
[Round "3.1"]
[White "Rogers, Ian"]
[Black "Tebb, David"]
[Result "1-0"]
[WhiteElo "2570"]
[BlackElo "2280"]
[PlyCount "65"]
[EventDate "1997.11.22"]
[Source "4NCL"]
[SourceDate "1998.01.01"]

1. d4 Nf6 2. c4 g6 3. Nc3 Bg7 4. e4 d6 5. Be2 O-O 6. Nf3 e5 7. d5 a5 8. Bg5 Na6
9. Nd2 Qe8 10. a3 Bd7 11. b3 h6 12. Be3 Nh7 13. Qb1 f5 14. f3 c5 15. dxc6 bxc6
16. b4 Rb8 17. b5 Nc7 18. a4 fxe4 19. fxe4 Ne6 20. Nf3 Nd4 21. O-O Be6 22. Qd3
c5 23. Nd2 Qd7 24. Nd5 Bxd5 25. cxd5 Nf6 26. Bxd4 exd4 27. Nc4 Ng4 28. Bxg4
Qxg4 29. Nxd6 h5 30. Nc4 Rbe8 31. Rxf8+ Rxf8 32. b6 h4 33. h3 1-0

[Event "NCL978 BCM-NW Eagles"]
[Site "Rd3"]
[Date "1997.11.22"]
[Round "3.2"]
[White "James, Dale"]
[Black "Chandler, Murray"]
[Result "0-1"]
[WhiteElo "2240"]
[BlackElo "2555"]
[PlyCount "50"]
[EventDate "1997.11.22"]
[Source "4NCL"]
[SourceDate "1998.01.01"]

1. e4 c5 2. Nf3 Nc6 3. g3 g6 4. Nc3 Bg7 5. Bg2 d6 6. h3 e6 7. O-O Nge7 8. d3
O-O 9. Nh2 Rb8 10. f4 f5 11. g4 b5 12. Ne2 b4 13. h4 c4 14. Be3 Bxb2 15. d4
Bxa1 16. Qxa1 fxe4 17. Bxe4 Nd5 18. Bf2 Nce7 19. Qc1 Bb7 20. h5 Qd7 21. Bh4
gxh5 22. Ng3 hxg4 23. f5 Nxf5 24. Bxf5 exf5 25. Nh5 Qe8 0-1